Budovanie zabezpečenia mobilných zariadení založeného na biometrickej autentifikácii používateľa

Uložené v:
Podrobná bibliografia
Hlavný autor: Vnenčák, Stanislav (Autor)
Ďalší autori: Chudá, Daniela (Vedúci práce)
Médium: Rukopis Kniha
Jazyk:Slovak
Vydavateľské údaje: 2019
Predmet:
On-line prístup:http://is.stuba.sk/zp/portal_zp.pl?podrobnosti=145514
Tagy: Pridať tag
Žiadne tagy, Buďte prvý, kto otaguje tento záznam!

MARC

LEADER 00000ntm a22000003a 4500
001 stuzp75043
003 SK-STU
005 20190622212835.1
007 ta
008 150427s2015----xo-----f-mn---000-0-slo-d
040 |a STU  |b slo 
041 0 |a slo 
100 1 |a Vnenčák, Stanislav  |u 070200  |k Z4  |4 aut  |U FIIT Fakulta informatiky a informačných technológií  |T FIIT Ústav informatiky, informačných systémov a softvérového inžinierstva  |X 74357  |U I200  |Y 179  |7 74357 
242 0 1 |a Smartphone Security based on Biometric User Authentication  |y eng 
245 1 0 |a Budovanie zabezpečenia mobilných zariadení založeného na biometrickej autentifikácii používateľa 
260 |c 2019 
650 4 |a zabezpečenie  |2 slo 
650 4 |a biometria  |2 slo 
650 4 |a autentifikácia  |2 slo 
650 4 |a biometrický model používateľa  |2 slo 
650 4 |a informačná fúzia  |2 slo 
650 4 |a security  |2 eng 
650 4 |a biometry  |2 eng 
650 4 |a authentication  |2 eng 
650 4 |a biometrics user model  |2 eng 
650 4 |a information fusion  |2 eng 
700 1 |a Chudá, Daniela  |u 070200  |k Z1  |4 ths  |U FIIT Fakulta informatiky a informačných technológií  |T FIIT Ústav informatiky, informačných systémov a softvérového inžinierstva  |X 38061  |U I200  |Y 179  |7 000038061 
856 4 |u http://is.stuba.sk/zp/portal_zp.pl?podrobnosti=145514